000 00645nam a2200241Ia 4500
001 7039
003 GE_BSU
008 181216s||||||||xx |||||||||||||| ||und||
040 _cGE_BSU
080 _a514.743
100 _aАкивис,М.А. Гольберт,В.В.
245 _aТензорное исчисление
245 _cред.В.А.Гаухман
250 _aИзд-е 2
260 _aМосква
260 _bНаука
260 _c1972
300 _a351стр. 20см.
300 _eУказат. стр. 347
653 _aМатематика
653 _aТензорное исчисление
942 _cBK
999 _c40430
_d40430